000
00258nam a2200109Ia 4500
008
230907s9999||||xx |||||||||||||| ||und||
082
_a
330
_b
ARN
100
_a
Arnold, Roger A.,
_9
64371
245
0
_a
Economics /
300
_a
xxxii, 976 pages :
942
_c
BK
999
_c
599021
_d
599021